Państwa jednowyrazowe z dwoma "u" - Statystyki

Ogólne statystyki
  • Ten quiz został rozwiązany 4 900 razy
    4 886 od ostatniego zresetowania
  • Średni wynik to 5 z 8
Statystyki odpowiedzi
Kontynent Państwo % Poprawnych
Ameryka Południowa Urugwaj
91%
Europa Rumunia
68%
Oceania Tuvalu
67%
Oceania Vanuatu
66%
Oceania Nauru
63%
Europa Luksemburg
60%
Afryka Burundi
50%
Afryka Mauritius
33%
Nie znaleziono quizów pasujących do podanych kryteriów
Rozkład punktacji
Procent ludzi z każdym wynikiem
Percentyl według liczby udzielonych odpowiedzi
Twoja historia wyników
Nie rozwiązałeś tego quizu od ostatniego zresetowania